| 000 | 00833nam a2200229Ia 4500 | ||
|---|---|---|---|
| 003 | OSt | ||
| 005 | 20220923220854.0 | ||
| 006 | a|||||r|||| 00| 0 | ||
| 007 | ta | ||
| 008 | 220922b |||||||| |||| 00| 0 hin d | ||
| 024 | _a191,747 | ||
| 037 | _cTextual | ||
| 040 |
_aARTS _cARTS _bhin |
||
| 041 |
_2hin _ahin |
||
| 082 | _aV2.D35, 152J6.1-;2 | ||
| 100 |
_aद्विवेदी, हरिहर निवास; द्विवेदी, विजय गोविन्द _9164738 |
||
| 245 | 0 | _aमध्य भारत का इतिहास | |
| 246 | _aMadhya bhārat kā itihāsa | ||
| 260 | _c1956 | ||
| 942 |
_hV2.D35, 152J6.1-;2 _cTEXL _2CC |
||
| 999 |
_c344403 _d344403 |
||